Statistics for Countries With The Most Deaths From Tuberculosis

Click here to take the quiz!

General Stats

  • This quiz has been taken 20 times
  • The average score is 9 of 15

Answer Stats

Deaths (Per 100,000)Country% Correct
127.11Democratic Republic of the Congo
94%
128.71Nigeria
89%
103.34Republic of the Congo
89%
100.63Central African Republic
72%
95.98Kenya
72%
122.29Liberia
72%
130.73Somalia
72%
88.40Tanzania
67%
129.42Angola
61%
119.28Mozambique
56%
94.14Sierra Leone
56%
157.41Guinea Bissau
50%
77.66Afghanistan
33%
109.83Gabon
28%
195.70East Timor
17%

Score Distribution

Percentile by Number Answered

Percent of People with Each Score

Your Score History

You have not taken this quiz